000 00508cam a22002171 4500
001 sa 63001821
003 DLC
005 20260227111930.0
008 950123s1962 ii 000 1 tamo
010 _asa 63001821
025 _aPL480:I-T-80
035 _a(OCoLC)31873993
040 _aDLC
_cCU
_dCU
_dDLC
042 _apremarc
050 0 0 _aPL4758.9.S47
_bK32
100 1 _aShanmugam, R.,
_d1926-
245 1 0 _aKātal paricu.
260 _c[1962]
300 _a127 p.
_c19 cm.
500 _aIn Tamil.
999 _c54170
_d54170